Players of National Teams - Belgium - Statistics

General Stats
  • This quiz has been taken 17 times
  • The average score is 14 of 24
Answer Stats
Pos. Team Player % Correct
LW Manchester City Jérémy Doku
94%
LW Arsenal FC Leandro Trossard
88%
GK Manchester United Senne Lammens
88%
FW Juventus FC Loïs Openda
81%
RB Fulham FC Timothy Castagne
81%
AM Atalanta BC Charles De Ketelaere
75%
LB Brighton & Hove Albion Maxim De Cuyper
75%
CM Aston Villa Youri Tielemans
75%
AM Club Brugge Hans Vanaken
69%
GK Nottingham Forest Matz Sels
69%
CB Eintracht Frankfurt Arthur Theate
63%
RM AC Milan Alexis Saelemaekers
56%
DM Girona FC Axel Witsel
56%
RW SL Benfica Dodi Lukébakio
56%
GK RC Strasbourg Mike Penders
56%
RB LOSC Lille Thomas Meunier
56%
CB Club Brugge Brandon Mechele
50%
CB AC Milan Koni De Winter
50%
LM RC Strasbourg Diego Moreira
38%
LB Club Brugge Joaquin Seys
38%
GK RB Leipzig Maarten Vandevoordt
31%
DM Rangers FC Nicolas Raskin
31%
FW Club Brugge Romeo Vermant
25%
DM OGC Nice Charles Vanhoutte
13%
No matching quizzes found
Score Distribution
Percent of People with Each Score
Percentile by Number Answered
Your Score History
You have not taken this quiz